LEADER 01082nam a2200289 a 4500 001 000000125399 003 CaOOAMICUS 005 20110520140942.0 008 110520s2007 it u000 u ita r 020 $a978-88-17-01671-1 040 $aPUL$bita 082 04$a248.5 100 1 $aGiussani, Luigi,$csac.,$d1922-2005.$0(OLS)http://pul/name/64020 245 10$aAlla ricerca del volto umano /$cLuigi Giussani. 260 $aMilano :$bBUR,$c2007. 300 $a236 p. ;$c21 cm 490 1 $aSaggi 650 4$aVita cristiana.$0(OLS)http://pul/subject/1596 830 0$aSaggi (BUR).$0(OLS)http://pul/title/142716 850 $aPUL 852 $aPUL$W1$xSL Religione 3$y85$m248. 5 GIULU 4$j144418$qDDC 21$q $B143447$CPULBib$Z2$F143447 $H116870 $81 941 1 $a9 996 $6020$a978-88-17-01671-1$9(OLS)http://pul/number/147249 996 $6082$a248.5$9(OLS)http://pul/classification/2016 996 $6245$aAlla ricerca del volto umano$9(OLS)http://pul/title/158117 996 $6260$aMilano :$bBUR$9(OLS)http://pul/publisher/70068 LEADER 01160nam a2200277 u 4500 001 000000107929 003 CaOOAMICUS 005 20080718170444.0 008 071030s2007 it u000 u ita u 020 $z978-88-6132-048-2* 040 $aPUL$bita$dLDB 110 1 $aItalia.$kLeggi, statuti, ecc.$0(OLS)http://pul/name/10145 245 13$aIl codice amministrativo /$ca cura di Francesco Bartolini. 250 $a16. ed. 260 $aPiacenza :$bLa tribuna,$c2007. 300 $a2444 p. ;$c19 cm. 490 1 $a2007 i codici vigenti 650 4$aDiritto amministrativo$zItalia.$0(OLS)http://pul/subject/8339 700 1 $aBartolini, Francesco,$d1942-$0(OLS)http://pul/name/35926 830 0$a2007 i codici vigenti.$0(OLS)http://pul/title/135885 850 $aPUL 852 $aPUL$W1$xDP2 Diritto e Scienze Sociali 3$y110$m348. 45 BCOLL 1.6$j122768$qDDC 21$B121754$CPULBib$Z2$F121754 $H105246 $82 941 1 $a9 996 $6020$z978-88-6132-048-2*$9(OLS)http://pul/number/136101 996 $6245$aIl codice amministrativo$9(OLS)http://pul/title/90418 996 $6260$aPiacenza :$bLa tribuna$9(OLS)http://pul/publisher/62750